000 00458nam a22001697a 4500
999 _c15722
_d15722
003 OSt
082 _a664
_bAAR/CO
088 _aP 455
100 _aAarcha Vallath
_94262
100 _aAmrutha K P
_94263
100 _aBasil M
_94264
100 _aHarikrishnan M P
_94265
245 _aCommercial utilization of Jackfruit seed
260 _aTavanur
_bDepartment of Processing and Food Engineering
_c2019
700 _aGeorge Mathew (Guide)
_93193
942 _cPR